LEADER 01349nam--2200397---450- 001 990001033400203316 005 20020603172559.0 035 $a0103340 035 $aUSA010103340 035 $a(ALEPH)000103340USA01 035 $a0103340 100 $a20020314d--------km-y0itay0103----ba 101 $aita 102 $aIT 110 $aaga-------- 200 1 $a<> geografia nelle scuole$erivista dell'Associazione italiana degli insegnanti di geografia 210 $aOpicina$cTipografia del Villaggio del fanciullo 215 $av$d24 cm 300 $aIl sottotit., il luogo di pubbl. e l'editore variano 326 $aBimestrale 440 1$10010097145$12001$aAmbiente, società, territorio 606 0 $aGeografia$xPeriodici 676 $a910. 712 02$aAssociazione italiana degli insegnanti di geografia 801 0$aIT$bsalbc$gISBD 912 $a990001033400203316 958 $aUMA$bPER I 37$c1955- ; indice 1955-1980 ; scompleti 1975, 1978 ; mancano 1976, 1983 959 $aSE 979 $aPATTY$b90$c20020314$lUSA01$h1533 979 $aPATTY$b90$c20020318$lUSA01$h1706 979 $c20020403$lUSA01$h1744 979 $aCHIARA$b90$c20020603$lUSA01$h1724 979 $aCHIARA$b90$c20020603$lUSA01$h1725 979 $aPATRY$b90$c20040406$lUSA01$h1711 996 $aGeografia nelle scuole$9224652 997 $aUNISA LEADER 01131nam2 22002773i 450 001 RMS0039473 005 20231121125806.0 100 $a20140723d1921 ||||0itac50 ba 101 | $ager 102 $ade 181 1$6z01$ai $bxxxe 182 1$6z01$an 200 0 $a4. :$fvon Ludwig Friedlaender$gunter mitwirkung von M. Bang, F. Drexel, U. Kahrstedt und O. Weinreich$gherausgegeben von Georg Wissowa 205 $a9. und 10. Aufl 210 $aLeipzig$cS. Hirzel$d1921 215 $aVII, 336 p.$d25 cm. 461 1$1001RMS0039467$12001 $aDarstellungen aus der Sittengeschichte Roms in der Zeit von August bis zum Ausgang der Antonine$fvon Ludwig Friedlaender$v4 676 $a930$9Storia del mondo antico, fino al 499 ca.$v22 801 3$aIT$bIT-01$c20140723 850 $aIT-FR0017 899 $aBiblioteca umanistica Giorgio Aprea$bFR0017 $eN 912 $aRMS0039473 950 2$aBiblioteca umanistica Giorgio Aprea$d 52S.SIJ. M Sitten.Fri.4$e 52BUN0000006105 VMB RS Fondo originale Sijpesteijn$fA $h20140723$i20140723 977 $a 52 996 $a4$963474 997 $aUNICAS